00429nam a22001337a 4500008004100000020001800041050002200059100003200081245006800113250001200181260002500193300006100218650001600279171127b xxu||||| |||| 00| 0 eng d a9788170353652 aHD 9016 .C46 2006 aChoudhury, Monalisa.d2006. aMarketing of Processed Fuit & Vegetable /cMonalisa, Choudhury. a1st ed. aIndia:bDaya,c2006. a197p. : ill..bincldes bibliographical references.c18cm aFruit trade